Modes of parametric statistical inference
Gespeichert in:
| 1. Verfasser: | |
|---|---|
| Format: | Sách |
| Sprache: | Undetermined |
| Veröffentlicht: |
Wiley-Interscience
2006
|
| Schlagworte: | |
| Tags: |
Tag hinzufügen
Keine Tags, Fügen Sie den ersten Tag hinzu!
|
| Thư viện lưu trữ: | Trung tâm Thư viện - Trường Đại học Công nghiệp TP. Hồ Chí Minh |
|---|
| LEADER | 00500nam a2200157Ia 4500 | ||
|---|---|---|---|
| 001 | UIH_07626 | ||
| 008 | 231011s9999 xx 000 0 und d | ||
| 082 | |a 519.5 | ||
| 100 | |a Geisser, Seymour | ||
| 245 | 0 | |a Modes of parametric statistical inference | |
| 245 | 0 | |c Geisser, Seymour | |
| 260 | |b Wiley-Interscience | ||
| 260 | |c 2006 | ||
| 650 | |a Xác suất thống kê; | ||
| 927 | |a Sách | ||
| 980 | |a Trung tâm Thư viện - Trường Đại học Công nghiệp TP. Hồ Chí Minh | ||